000 01318nam a2200337 4500
001 221
003 OSt
005 20250528074015.0
008 250203b |||||||g |||| 00| 1 eng d
020 _a8501060267
040 _bpor
041 _hita
_apor
082 _a853
_bE19b
100 1 _aEco, Umberto,
_d1932-2016
_9409
240 _aBaudolino
245 _aBaudolino /
_cEco, Umberto ; Tradução de Marco Lucchesi
250 _a3° edição
260 _aRio de Janeiro
_bRecord
_c2001
300 _a459 p.
520 _aO quarto romance de Umberto Eco se passa na Idade Média, entre 1152 e 1204, e traz a história de Baudolino, um adolescente esperto e mentiroso que conquista o afeto do poderoso Frederico I, vulgo Barba Ruiva. Adotado pelo imperador, Baudolino parte em várias aventuras que serão relatadas ao historiador Niceta Coniate, enquanto Constantinopla é saqueada pelos cruzados. Eco constrói um romance histórico divertido e erudito, no melhor estilo das aventuras picarescas.
650 0 _aLiteratura italiana
_9164
650 0 _aMedieval
_9170
650 0 _aAventura
_947
650 0 _aHistórico
_953
650 0 _aClássicos
_977
650 0 _aHumor
_960
655 0 _aRomance
_923
655 0 _aFicção
_922
700 _aMarco Lucchesi
_eTradutor
_9410
942 _2ddc
_n0
_cBK
999 _c221
_d221